[Event "Summer Prague Open 2023 - A"]
[Site "Olympik hotel, Sokolovska 138, Praha"]
[Date "2023.08.11"]
[Round "9"]
[Board "6"]
[White "Shehzad, Shazil"]
[Black "Matras, Ondrej"]
[Result "1/2-1/2"]
[WhiteElo "2301"]
[BlackElo "2192"]
[PlyCount "0"]
[EventDate "2023.08.04"]
[EventRounds "9"]
[EventCountry "CZE"]

1. d4 d5 2. Nc3 Nf6 3. Bf4 a6 4. e3 e6 5. g4 Bd6 6. g5 Bxf4 7. exf4 Ng8 8. Qd2 Ne7
9. Nf3 Nbc6 10. Ne2 Nf5 11. Ng3 Nce7 12. Bd3 Qd6 13. O-O-O Bd7 14. Bxf5 Nxf5 15.
h4 O-O-O 16. h5 Rdf8 17. Nxf5 exf5 18. h6 g6 19. Rde1 Be6 20. Re5 Re8 21. Qa5 Bd7
22. Rhe1 Rxe5 23. fxe5 Qc6 24. Qd2 Re8 25. b3 Be6 26. Kb2 Kb8 27. Rc1 Rc8 28. Ne1
Qb6 29. c3 Qb5 30. Nd3 b6 31. a4 Qd7 32. a5 b5 33. f4 Ka7 34. Rc2 c6 35. Qc1 Qd8
36. Qa1 Qf8 37. Nc5 Rb8 38. Qa3 Qe7 39. Qb4 Qf8 40. Rc1 Rd8 41. Ka3 Rb8 42. Rd1 Qe8
43. Nd3 Qf8 44. Qxf8 Rxf8 45. Kb4 Rd8 46. Rb1 Kb8 47. Kc5 Kb7 48. Rb2 Rd7 49. Nb4
Rd8 50. Rb1 Rd7 51. Nc2 Kc7 52. Re1 Rd8 53. Re2 Rd7 54. Ne3 Rd8 55. Re1 Rb8 56. Nc2
Rd8 57. Nb4 Kb7 58. Nd3 Kc7 59. Rc1 Kb7 60. Kb4 Kc7 61. Nc5 Ra8 62. Rb1 Kc8 63. Rd1
Kc7 64. Rc1 Ra7 65. Rc2 Ra8 66. Rb2 Kc8 67. c4 dxc4 68. Nxe6 c3 69. Rc2 fxe6 70.
Rxc3 Kb7 71. Rc5 Rd8 72. Kc3 Rd7 73. b4 Rd5 74. Kd3 Rxc5  1/2-1/2

[Event "Summer Prague Open 2023 - A"]
[Site "Olympik hotel, Sokolovska 138, Praha"]
[Date "2023.08.11"]
[Round "9"]
[Board "7"]
[White "Jurcik, Marian"]
[Black "Gorkiewicz, Mateusz"]
[Result "1/2-1/2"]
[WhiteElo "2411"]
[BlackElo "2120"]
[PlyCount "0"]
[EventDate "2023.08.04"]
[EventRounds "9"]
[EventCountry "CZE"]

1. c4 e6 2. Nc3 d5 3. d4 Nf6 4. cxd5 exd5 5. Bg5 Be7 6. e3 c6 7. Bd3 Nbd7 8. Qc2
Nh5 9. Bxe7 Qxe7 10. Nge2 g6 11. O-O-O Nb6 12. Kb1 Ng7 13. Rc1 Be6 14. Nf4 O-O-O
15. Na4 Nxa4 16. Qxa4 Kb8 17. Rc3 Rc8 18. Rhc1 Rc7 19. Ra3 b6 20. Rxc6 Rxc6 21. Qxc6
Rc8 22. Qa4 g5 23. Ne2 h5 24. Rc3 Rc7 25. Qc2 Rxc3 26. Nxc3 Ne8 27. Qa4 Nf6 28. h3
h4 29. a3 Bd7 30. Qc2 Qd6 31. Qe2 g4 32. hxg4 Bxg4 33. Qf1 Qh2 34. f3 Be6 35. e4
Qf4 36. Qe2 Bc8 37. Kc2 a5 38. Qd2 Qg3 39. exd5 Bb7 40. Ne4 Qc7+ 41. Nc3 Nxd5 42.
Qg5 Nf4 43. Bf1 Ng6 44. Kb1 Qe7 45. Qxe7 Nxe7 46. Bd3 Nd5 47. Nxd5 Bxd5 48. Kc2 Be6
49. Kc3 h3 50. gxh3 Bxh3 51. Kc4 Kc7 52. Kd5 f6 53. Bg6 Kd7 54. Bf7 Bf5 55. Bg8 Bh3
56. Bf7 Bf5 57. Kc4 Kc7 58. Bd5 Bd7 59. Be4 Kd6 60. Kc3 Bh3 61. Kc4 Bd7 62. Bb7 Kc7
63. Ba6 Kd6 64. Bb5 Bh3 65. Kc3 Bg2 66. Be2 Kd5 67. Bd1 Bh3 68. Bb3+ Kd6 69. Kd3
Bd7 70. Bc4 Bh3 71. Ke3 Bd7 72. Bf7 Bc8 73. Kf4 Bd7 74. Bh5 Bc8 75. Bg4 Bb7 76. Kf5
Ke7 77. Kg6 Bd5 78. f4 Be4+ 79. Bf5 Bf3 80. Bc2 Bd5 81. Bd3 Ke6 82. Bf5+ Ke7 83.
Kg7 Bf3 84. Bc2 Bd5 85. Bd3 Ke6 86. Kf8 Bb3 87. Be4 f5 88. Bf3 Bd5 89. Be2 Be4 90.
Bc4+ Bd5 91. Bd3 Be4 92. Bc4+ Bd5 93. Ba6 Be4 94. Kg7 Kd5 95. Kf6 Kxd4 96. Bc8 Ke3
97. Ke5 Kd2 98. Bxf5 Bc6 99. Kd6 Be8 100. Be6 Kc2 101. b3 Kb2 102. a4 b5 103. Ke7
bxa4 104. bxa4 Bxa4 105. f5 Bd1 106. f6 Bh5 107. Bd7 Bg6 108. Ba4 Bh5 109. Bd1 Bg6
110. Ke6 Bb1 111. Bb3 Bg6 112. Ba4 Ka3 113. Bc6 Kb3 114. Be4 Bh5 115. Bf3 Bg6 116.
Bd5+ Kb2 117. Bc6 Kb3 118. Be4 Bh5 119. Bf3 Bg6 120. Bd1+ Kb4 121. Ke7 a4 122. Bc2
Bh5 123. Bxa4 Kxa4 124. f7 Bxf7  1/2-1/2

[Event "Summer Prague Open 2023 - A"]
[Site "Olympik hotel, Sokolovska 138, Praha"]
[Date "2023.08.11"]
[Round "9"]
[Board "8"]
[White "Krause, Benedict"]
[Black "Yamada, Kohei"]
[Result "1/2-1/2"]
[WhiteElo "2409"]
[BlackElo "2171"]
[PlyCount "0"]
[EventDate "2023.08.04"]
[EventRounds "9"]
[EventCountry "CZE"]

1. e4 c5 2. Nf3 d6 3. d4 cxd4 4. Nxd4 Nf6 5. Nc3 a6 6. a3 e5 7. Nf5 d5 8. Bg5 d4
9. Bxf6 gxf6 10. Nb1 Bxf5 11. exf5 Qd5 12. Qh5 Nd7 13. Nd2 Qa5 14. Bc4 O-O-O 15.
Rd1 e4 16. O-O Ne5 17. Bxf7 Nxf7 18. Qxf7 Qxf5 19. Rde1 Qg6 20. Qxg6 hxg6 21. Rxe4
Bh6 22. Nb3 d3 23. c3 Rhe8 24. Rxe8 Rxe8 25. Nd4 Bc1 26. b3 Bxa3 27. Rd1 Bb2 28.
Nf3 Bxc3 29. Rxd3 Bb4 30. h4 a5 31. g4 Re4 32. Rd4 Rxd4 33. Nxd4 Bc3 34. Nc2 b5 35.
Kf1 Kd7 36. Ke2 f5 37. f3 fxg4 38. fxg4 a4 39. bxa4 bxa4 40. Kd3 Bb2 41. h5 gxh5
42. gxh5 Ke6 43. Kc4 Kf6 44. Kb4 a3 45. Nxa3 Bxa3+ 46. Kxa3 Kg5 47. h6 Kxh6  1/2-1/2

[Event "Summer Prague Open 2023 - A"]
[Site "Olympik hotel, Sokolovska 138, Praha"]
[Date "2023.08.11"]
[Round "9"]
[Board "9"]
[White "Jordanov, Mihail"]
[Black "Levitan, Tal"]
[Result "1/2-1/2"]
[WhiteElo "2152"]
[BlackElo "2321"]
[PlyCount "0"]
[EventDate "2023.08.04"]
[EventRounds "9"]
[EventCountry "CZE"]

1. e4 e5 2. Nf3 Nc6 3. Bb5 a6 4. Ba4 Nf6 5. d3 b5 6. Bb3 Bc5 7. O-O d6 8. c3 h6 9.
Re1 O-O 10. h3 Bb6 11. Nbd2 Ne7 12. Nf1 Ng6 13. Ng3 Re8 14. a4 Bb7 15. Nh2 d5 16.
Qf3 Nh4 17. Qe2 c5 18. Ng4 c4 19. Bc2 cxd3 20. Nxf6+ Qxf6 21. Bxd3 bxa4 22. Rxa4
Bc6 23. Rxa6 dxe4 24. Rxa8 exd3 25. Rxe8+ Bxe8 26. Ne4 dxe2 27. Nxf6+ gxf6 28. Rxe2
Bc6 29. Bxh6 Nxg2 30. b4 Nh4 31. c4 Nf3+ 32. Kf1 Nh2+ 33. Ke1 Nf3+ 34. Kd1 Ng1 35.
Ra2 Nxh3 36. Be3 Bxe3 37. fxe3 Ng5 38. Ra6 Bf3+ 39. Kc2 Ne6 40. c5 Kf8 41. Kd3 f5
42. c6 Ke7 43. Ra7+ Kd6 44. b5 Bxc6 45. bxc6 Nc7 46. Ra1 Kxc6 47. Rf1 f4 48. exf4
exf4 49. Rxf4 Nb5 50. Rf6+ Kd5 51. Rf5+ Kc6 52. Rxf7 Nd6 53. Rh7 Kd5 54. Rh5+ Ke6
55. Kd4 Nf5+ 56. Kc5 Ke5 57. Rh1 Ke4 58. Rh8 Ke5 59. Re8+ Kf4 60. Kd5 Ne3+ 61. Kd4
Nf5+ 62. Kd3 Nd6 63. Re7 Nf5 64. Re6 Ng3 65. Re1 Nf5 66. Re4+ Kg5 67. Ra4 Ne7 68.
Ke4 Ng6 69. Ra5+ Kf6 70. Rb5 Ne7 71. Re5 Ng6 72. Rh5 Ne7 73. Rh7 Ng6 74. Ra7 Ne7
75. Ra6+ Kg5 76. Rb6 Ng6 77. Re6 Nh4 78. Re5+ Kf6 79. Rh5 Ng6 80. Rf5+ Ke6 81. Rf1
Ne7 82. Kd4 Nf5+ 83. Kc5 Ke5 84. Re1+ Kf4 85. Kd5 Ne3+ 86. Ke6 Ke4 87. Rxe3+ Kxe3
 1/2-1/2

[Event "Summer Prague Open 2023 - A"]
[Site "Olympik hotel, Sokolovska 138, Praha"]
[Date "2023.08.11"]
[Round "9"]
[Board "10"]
[White "von Mettenheim, Johannes"]
[Black "Schletter, Felix"]
[Result "1-0"]
[WhiteElo "2316"]
[BlackElo "2094"]
[PlyCount "0"]
[EventDate "2023.08.04"]
[EventRounds "9"]
[EventCountry "CZE"]

1. d4 Nf6 2. c4 c5 3. d5 b5 4. cxb5 a6 5. e3 axb5 6. Bxb5 Qa5+ 7. Nc3 Bb7 8. Bd2
Qb6 9. Nf3 Nxd5 10. a4 e6 11. O-O Be7 12. Re1 O-O 13. e4 Nxc3 14. Bxc3 d6 15. Nd2
Nc6 16. Nc4 Qd8 17. a5 Rb8 18. a6 Ba8 19. Bxc6 Bxc6 20. a7 Ra8 21. Ba5 Qe8 22. Bc7
Qd7 23. Bb8 Qb7 24. Nxd6 Bxd6 25. Qxd6 Bxe4 26. f3 Bd5 27. Qxc5 Rc8 28. Qf2 h6 29.
Rac1 Rxc1 30. Rxc1 Qb3 31. Rc8+ Kh7 32. Qc2+  1-0

[Event "Summer Prague Open 2023 - A"]
[Site "Olympik hotel, Sokolovska 138, Praha"]
[Date "2023.08.11"]
[Round "9"]
[Board "12"]
[White "Haase, Pavel"]
[Black "Priehoda, Vitezslav"]
[Result "1/2-1/2"]
[WhiteElo "2124"]
[BlackElo "2254"]
[PlyCount "0"]
[EventDate "2023.08.04"]
[EventRounds "9"]
[EventCountry "CZE"]

1. f4 g6 2. e4 d5 3. e5 h5 4. d4 Nh6 5. c4 e6 6. Nc3 Nf5 7. Nf3 Nc6 8. c5 Bd7 9.
a3 a5 10. Rb1 b6 11. b4 axb4 12. axb4 bxc5 13. dxc5 Nxb4 14. Rxb4 Bxc5 15. Rb1 O-O
16. Bd3 Nd4 17. Nxd4 Bxd4 18. Ne2 Bb6 19. Rxb6 cxb6 20. O-O Ba4 21. Qd2 Qe7 22. Nd4
Rfc8 23. Qe3 Bd7 24. Bd2 Ra4 25. Nb3 Ra3 26. Rb1 Qd8 27. Bb4 Ra4 28. Nd4 Rca8 29.
Nc2  1/2-1/2

[Event "Summer Prague Open 2023 - A"]
[Site "Olympik hotel, Sokolovska 138, Praha"]
[Date "2023.08.11"]
[Round "9"]
[Board "13"]
[White "Berin, Artem"]
[Black "Schloffer, Jasmin-Denise"]
[Result "1/2-1/2"]
[WhiteElo "2337"]
[BlackElo "2084"]
[PlyCount "0"]
[EventDate "2023.08.04"]
[EventRounds "9"]
[EventCountry "CZE"]

1. d4 Nf6 2. c4 e6 3. Nc3 Bb4 4. e3 b6 5. Nge2 Ba6 6. a3 Be7 7. Nf4 d5 8. cxd5 Bxf1
9. Kxf1 exd5 10. b4 c6 11. Bb2 b5 12. Nd3 a5 13. Rc1 O-O 14. Nc5 axb4 15. axb4 Nbd7
16. g4 Nb6 17. Kg2 Nc4 18. Rc2 Qc8 19. h3 Re8 20. Qf3 Bxc5 21. dxc5 Ne4 22. Nxe4
Rxe4 23. Bc3 h6 24. Ra1 Rxa1 25. Bxa1 Qa8 26. Bd4 Re7 27. Qf5 Ra7 28. g5 hxg5 29.
Qxg5 Qf8 30. h4 f6 31. Qf5 Qe8 32. h5 Ne5 33. Re2 Qd7 34. Qxd7 Nxd7 35. e4 dxe4 36.
Rxe4 Kf7 37. f4 f5 38. Re3 Nf6 39. Bxf6 Kxf6 40. Rg3 Ra4 41. Rg6+ Kf7 42. Rxc6 Rxb4
43. Kg3 Rc4 44. Rb6 Rxc5 45. Kh4 Rc1 46. Kg5 Rg1+ 47. Kxf5 Rh1 48. Rb7+ Kg8 49. Kg4
Rg1+ 50. Kf3 Rh1 51. Rxb5 Kf7 52. Kg2 Rh4 53. Kg3 Rh1 54. Rf5+ Ke6 55. Rg5 Kf6 56.
Rg6+  1/2-1/2

[Event "Summer Prague Open 2023 - A"]
[Site "Olympik hotel, Sokolovska 138, Praha"]
[Date "2023.08.11"]
[Round "9"]
[Board "14"]
[White "Wilks, Simon"]
[Black "Petr, Jakub"]
[Result "0-1"]
[WhiteElo "2062"]
[BlackElo "2238"]
[PlyCount "0"]
[EventDate "2023.08.04"]
[EventRounds "9"]
[EventCountry "CZE"]

1. e4 c5 2. Nf3 Nc6 3. Bb5 e6 4. O-O Nge7 5. Re1 Ng6 6. c3 d5 7. exd5 Qxd5 8. c4
Qd6 9. d4 cxd4 10. Qxd4 Bd7 11. Qxd6 Bxd6 12. Nc3 Nce5 13. Nxe5 Bxe5 14. Bd2 O-O-O
15. Rac1 Bf4 16. Be3 a6 17. Bxd7+ Rxd7 18. Rc2 Bxe3 19. Rxe3 Rhd8 20. g3 Ne7 21.
Kg2 Nf5 22. Re4 Rd2 23. Re2 Rxc2 24. Rxc2 Rd3 25. Ne4 Kc7 26. b3 Nd4 27. Rb2 f6 28.
b4 e5 29. a4 f5 30. Ng5 Rc3 31. Nf7 e4 32. c5 Rc2 33. Rxc2 Nxc2 34. b5 axb5 35. axb5
Nd4 36. b6+ Kc6 37. Nd8+ Kxc5 38. Nxb7+ Kxb6 39. Nd6 Kc5 40. Nf7 Kd5 41. h4 h6 42.
Nh8 Ke6 43. Ng6 Kf6 44. Nf4 g5 45. hxg5+ hxg5 46. Nd5+ Ke5 47. Ne3 Nf3 48. Kf1 f4
49. gxf4+ gxf4 50. Ng4+ Kd4 51. Nf6 Ne5 52. Nh5 Nd3 53. Ng7 Ke5 54. Ne8 Nc5 55. Nc7
Kd4 56. Ke2 f3+ 57. Kf1 Nb3 58. Ne6+ Ke5 59. Ng5 Kf5 60. Nf7 Kf4 61. Nh6 Nd2+ 62.
Ke1 Nc4 63. Kf1 Ne5 64. Ng8 Kf5 65. Ke1 Ke6 66. Kd2 Ng4  0-1

[Event "Summer Prague Open 2023 - A"]
[Site "Olympik hotel, Sokolovska 138, Praha"]
[Date "2023.08.11"]
[Round "9"]
[Board "15"]
[White "Davidek, Zdenek"]
[Black "Schirm, Friedmar"]
[Result "1-0"]
[WhiteElo "2051"]
[BlackElo "2235"]
[PlyCount "0"]
[EventDate "2023.08.04"]
[EventRounds "9"]
[EventCountry "CZE"]

1. d4 Nf6 2. c4 g6 3. h4 c6 4. Nc3 d5 5. Nf3 Bg7 6. Qb3 dxc4 7. Qxc4 b5 8. Qd3 b4
9. Ne4 Nxe4 10. Qxe4 Bf5 11. Qf4 Qd5 12. g4 Be4 13. Rh3 Bxf3 14. Rxf3 O-O 15. Rd3
Nd7 16. Qg3 Rac8 17. Bg2 Qb5 18. Bg5 e5 19. d5 e4 20. Rd2 cxd5 21. Qb3 Nc5 22. Qxd5
Bxb2 23. Rad1 Bc3 24. Bxe4 Rfe8 25. Bf3 Re5 26. Qd6 Ne4 27. Bxe4 Rxe4 28. Kf1 Bxd2
29. Rxd2 Rc1+ 30. Kg2 Rxg4+ 31. Kh2 Re4 32. Qf6 Rc8 33. Kg2 Qc6 34. Rd8+  1-0

[Event "Summer Prague Open 2023 - A"]
[Site "Olympik hotel, Sokolovska 138, Praha"]
[Date "2023.08.11"]
[Round "9"]
[Board "16"]
[White "Beeck, Mats"]
[Black "Vanduyfhuys, Igor"]
[Result "1-0"]
[WhiteElo "2180"]
[BlackElo "2022"]
[PlyCount "0"]
[EventDate "2023.08.04"]
[EventRounds "9"]
[EventCountry "CZE"]

1. d4 Nf6 2. c4 c5 3. d5 g6 4. Nc3 Bg7 5. e4 d6 6. Nf3 O-O 7. Be2 e6 8. O-O exd5
9. exd5 Bf5 10. Nh4 Bc8 11. h3 Re8 12. Nf3 Ne4 13. Nxe4 Rxe4 14. Bd3 Re8 15. Bg5
Qc7 16. Re1 Bd7 17. Qd2 Na6 18. Bh6 Nb4 19. Bxg7 Kxg7 20. Qc3+ Kg8 21. Be2 Re7 22.
a3 Rae8 23. axb4 Rxe2 24. Rxe2 Rxe2 25. Rxa7 Be8 26. Ra1 Qb6 27. b5 Qd8 28. Re1 Qe7
29. Kf1 Re4 30. Rxe4 Qxe4 31. Nd2 Qh4 32. Qe3 Bd7 33. Ne4 b6 34. Kg1 Qe7 35. Qf4
f5 36. Nc3 g5 37. Qe3 Qf6 38. Na4 Qd8 39. g3 Kf7 40. f4 h6 41. Kh2 g4 42. h4 Qb8
43. Kg2 Qa7 44. b3 Qa5 45. Qc3 Bc8 46. Qxa5 bxa5 47. Nb6 Bb7 48. Nd7 Bxd5+ 49. cxd5
c4 50. b6 c3 51. b7 c2 52. b8=Q c1=Q 53. Qf8+ Kg6 54. Qg8+ Kh5 55. Qf7#  1-0

[Event "Summer Prague Open 2023 - A"]
[Site "Olympik hotel, Sokolovska 138, Praha"]
[Date "2023.08.11"]
[Round "9"]
[Board "18"]
[White "Kocharyan, Vache"]
[Black "Netusil, Miloslav"]
[Result "1/2-1/2"]
[WhiteElo "1901"]
[BlackElo "2159"]
[PlyCount "0"]
[EventDate "2023.08.04"]
[EventRounds "9"]
[EventCountry "CZE"]

1. d4 d5 2. c4 e6 3. Nc3 dxc4 4. e3 a6 5. a4 Nf6 6. Bxc4 c5 7. Nf3 Nc6 8. O-O Be7
9. dxc5 Qxd1 10. Rxd1 Bxc5 11. Bd2 Bd7 12. Rac1 O-O  1/2-1/2

[Event "Summer Prague Open 2023 - A"]
[Site "Olympik hotel, Sokolovska 138, Praha"]
[Date "2023.08.11"]
[Round "9"]
[Board "19"]
[White "Deligiannis, Christos Nikolaos"]
[Black "Pasztor, Ferenc"]
[Result "1-0"]
[WhiteElo "2016"]
[BlackElo "2128"]
[PlyCount "0"]
[EventDate "2023.08.04"]
[EventRounds "9"]
[EventCountry "CZE"]

1. d4 Nf6 2. c4 e6 3. Nf3 Bb4+ 4. Nbd2 b6 5. g3 Bb7 6. Bg2 Ne4 7. O-O Nxd2 8. Bxd2
Bxd2 9. Nxd2 Bxg2 10. Kxg2 d5 11. Rc1 O-O 12. Qa4 a6 13. Rc3 c6 14. Rfc1 e5 15. dxe5
dxc4 16. Qc2 b5 17. f4 c5 18. b3 cxb3 19. axb3 Nd7 20. Ne4 c4 21. bxc4 b4 22. Rd3
Qc7 23. c5 Rfb8 24. Qa4 Rb5 25. c6 Nb6 26. Qb3 Ra5 27. Qxb4 Rd5 28. Rxd5 Nxd5 29.
Qd6 Rd8 30. Qxc7 Nxc7 31. Rb1 Nb5 32. Nd6 f6 33. Rxb5 axb5 34. c7 Ra8 35. c8=Q+ Rxc8
36. Nxc8 fxe5 37. fxe5 b4 38. Nd6 b3 39. Nc4 Kf7 40. Kf3 Ke6 41. Ke4  1-0

[Event "Summer Prague Open 2023 - A"]
[Site "Olympik hotel, Sokolovska 138, Praha"]
[Date "2023.08.11"]
[Round "9"]
[Board "20"]
[White "Hejsek, Lukas"]
[Black "Khalifa Essa, Albalooshi"]
[Result "1-0"]
[WhiteElo "2081"]
[BlackElo "1808"]
[PlyCount "0"]
[EventDate "2023.08.04"]
[EventRounds "9"]
[EventCountry "CZE"]

1. d4 Nf6 2. Nf3 b6 3. g3 Bb7 4. Bg2 c5 5. O-O g6 6. c4 cxd4 7. Nxd4 Bxg2 8. Kxg2
Bg7 9. Nc3 O-O 10. e4 Nc6 11. Nc2 d6 12. Qe2 Rc8 13. Bd2 e6 14. Rad1 Qe7 15. Rfe1
Rfd8 16. Bg5 h6 17. Bf4 Ne8 18. Qd2 g5 19. Be3 Ne5 20. b3 g4 21. Nd4 Qf6 22. Rc1
Qg6 23. f4 gxf3+ 24. Nxf3 Nxf3 25. Kxf3 Nf6 26. Bd4 h5 27. Bxf6 Bh6 28. Qd4 e5 29.
Qd3 Qxf6+ 30. Kg2 Bxc1 31. Rxc1 Qe6 32. Rf1 Rc5 33. Rf5 Kf8 34. Qf3 Ke7 35. Nd5+
Rxd5 36. exd5 Qg6 37. Qxh5 Qxh5 38. Rxh5 b5 39. Rh4 Rb8 40. Kf3 a5 41. Ke3 a4 42.
b4 bxc4 43. Rxc4 f5 44. Rc7+ Kf6 45. Rd7 f4+ 46. Kf3 fxg3 47. Rxd6+ Kf5 48. hxg3
e4+ 49. Ke3 Rxb4 50. Re6 Rb1 51. g4+ Kxg4 52. Kxe4 Re1+ 53. Kd4 Rd1+ 54. Ke5 Re1+
55. Kf6 Rd1 56. d6 Rd2 57. Ke7  1-0

[Event "Summer Prague Open 2023 - B"]
[Site "Olympik hotel, Sokolovska 138, Praha"]
[Date "2023.08.04"]
[Round "1"]
[Board "1"]
[White "Mrmus, Pavol"]
[Black "Ilandzis, Spyridon"]
[Result "0-1"]
[WhiteElo "1433"]
[BlackElo "1936"]
[PlyCount "90"]
[EventDate "2023.08.04"]
[EventRounds "9"]
[EventCountry "CZE"]

1. e4 d5 2. exd5 Qxd5 3. Nc3 Qa5 4. Bc4 Nf6 5. d3 Bg4 6. f3 Bh5 7. Bd2 e6 8. Nd5
Qc5 9. Bb4 Qc6 10. Bb5 Bxb4+ 11. c3 Nxd5 12. Bxc6+ Nxc6 13. cxb4 Ndxb4 14. Ne2 g5
15. a3 Nd5 16. Qd2 Rg8 17. O-O-O O-O-O 18. h4 gxh4 19. Rxh4 Bg6 20. Nf4 Nd4 21. Kb1
Nb3 22. Qc2 Nd4 23. Qa4 Nxf4 24. Rxf4 Ne2 25. Rb4 a6 26. Qb3 b6 27. Qc2 Nd4 28. Qc3
Nb5 29. Qc6 Kb8 30. Rc1 Bxd3+ 31. Ka1 Rd6 32. Qxd6 Nxd6 33. Rd4 Bg6 34. b4 e5 35.
Rd5 e4 36. Re5 exf3 37. gxf3 Re8 38. f4 h5 39. Rg5 Re3 40. Kb2 Re2+ 41. Kb3 Rf2 42.
b5 Nxb5 43. Rd5 Rxf4 44. Rd7 Nd4+ 45. Kb2 Rf2+  0-1

[Event "Summer Prague Open 2023 - B"]
[Site "Olympik hotel, Sokolovska 138, Praha"]
[Date "2023.08.04"]
[Round "1"]
[Board "2"]
[White "Jaeger, Andre"]
[Black "Cerny, Vlastimil"]
[Result "1-0"]
[WhiteElo "1930"]
[BlackElo "1431"]
[PlyCount "41"]
[EventDate "2023.08.04"]
[EventRounds "9"]
[EventCountry "CZE"]

1. d4 Nf6 2. c4 g6 3. g3 Bg7 4. Bg2 O-O 5. Nc3 c6 6. e4 d6 7. Nf3 c5 8. h3 cxd4 9.
Nxd4 Nc6 10. Be3 Bd7 11. Nde2 Rc8 12. O-O a6 13. Rc1 Ne5 14. b3 Bc6 15. Qd2 b5 16.
f4 Ned7 17. Nd4 b4 18. Nd5 Bxd5 19. exd5 a5 20. Nc6 Ra8 21. Nxd8  1-0

[Event "Summer Prague Open 2023 - B"]
[Site "Olympik hotel, Sokolovska 138, Praha"]
[Date "2023.08.04"]
[Round "1"]
[Board "3"]
[White "Salussolia, Louis"]
[Black "Chinguun, Otgonbayar"]
[Result "0-1"]
[WhiteElo "1431"]
[BlackElo "1914"]
[PlyCount "114"]
[EventDate "2023.08.04"]
[EventRounds "9"]
[EventCountry "CZE"]

1. e4 e6 2. d4 a6 3. Nf3 b5 4. c4 Bb7 5. d5 bxc4 6. Bxc4 exd5 7. Bxd5 Bxd5 8. Qxd5
Nc6 9. Ne5 Nxe5 10. Qxe5+ Qe7 11. Bf4 Qxe5 12. Bxe5 f6 13. Bxc7 Rc8 14. Bf4 Bb4+
15. Kd1 Ne7 16. a3 Bc5 17. Ke2 O-O 18. b4 Bb6 19. Bd6 Rfe8 20. Bxe7 Rxe7 21. Nd2
f5 22. f3 fxe4 23. fxe4 d5 24. Rhc1 Rf8 25. Rf1 Rd8 26. Rac1 dxe4 27. Rc6 Bd4 28.
Rf4 e3 29. Nb3 Bf6 30. Rcc4 Bg5 31. Rcd4 Rc8 32. Rc4 Rec7 33. Rxc7 Rxc7 34. Rg4 Bh6
35. Nc5 a5 36. Rc4 axb4 37. axb4 Ra7 38. Rc2 Ra1 39. Rb2 Rg1 40. Kf3 Rf1+ 41. Kg3
Bf4+ 42. Kh3 Rf2 43. Rb1 e2 44. Nd3 Rf1 45. Re1 Rxe1 46. Nxe1 Bd2 47. Nd3 Bxb4 48.
Kg3 e1=Q+ 49. Nxe1 Bxe1+ 50. Kg4 Kf7 51. h4 h6 52. h5 Kf6 53. Kf4 Bd2+ 54. Kg4 Ke5
55. Kh4 Kf4 56. g3+ Kf3 57. Kh3 Be1  0-1

[Event "Summer Prague Open 2023 - B"]
[Site "Olympik hotel, Sokolovska 138, Praha"]
[Date "2023.08.04"]
[Round "1"]
[Board "4"]
[White "Machala, Vladislav"]
[Black "Rychtecky, Pavel"]
[Result "1-0"]
[WhiteElo "1860"]
[BlackElo "1430"]
[PlyCount "51"]
[EventDate "2023.08.04"]
[EventRounds "9"]
[EventCountry "CZE"]

1. e4 c6 2. d4 d5 3. exd5 cxd5 4. c4 Nf6 5. Nc3 Bf5 6. Qb3 Nc6 7. cxd5 Na5 8. Qa4+
Bd7 9. Bb5 a6 10. Bxd7+ Nxd7 11. Nge2 b5 12. Qd1 Nf6 13. Nf4 Qd7 14. a3 Rc8 15. O-O
g6 16. Re1 Bg7 17. Rb1 O-O 18. h3 Rfe8 19. Qf3 h5 20. Nd3 Nb3 21. Be3 e6 22. dxe6
Rxe6 23. d5 Rd6 24. Bf4 Nd4 25. Qd1 Rb6 26. Ne5  1-0

[Event "Summer Prague Open 2023 - B"]
[Site "Olympik hotel, Sokolovska 138, Praha"]
[Date "2023.08.04"]
[Round "1"]
[Board "5"]
[White "Lansky, Petr"]
[Black "Svetly, Jiri"]
[Result "0-1"]
[WhiteElo "1429"]
[BlackElo "1850"]
[PlyCount "28"]
[EventDate "2023.08.04"]
[EventRounds "9"]
[EventCountry "CZE"]

1. e4 d6 2. d4 Nf6 3. Nc3 g6 4. Nf3 Bg7 5. Be3 O-O 6. Qd2 c6 7. O-O-O b5 8. Bh6 b4
9. Na4 Qa5 10. b3 Nxe4 11. Qe3 d5 12. Kb2 Nd7 13. Ng5 Nb6 14. Nc5 Qa3+  0-1

[Event "Summer Prague Open 2023 - B"]
[Site "Olympik hotel, Sokolovska 138, Praha"]
[Date "2023.08.04"]
[Round "1"]
[Board "6"]
[White "Mihal, Sergej"]
[Black "Baraniuk, Andrej"]
[Result "1/2-1/2"]
[WhiteElo "1846"]
[BlackElo "1427"]
[PlyCount "63"]
[EventDate "2023.08.04"]
[EventRounds "9"]
[EventCountry "CZE"]

1. e4 d5 2. exd5 Qxd5 3. Nc3 Qd6 4. g3 Nf6 5. Bg2 c6 6. d4 Bf5 7. a3 e6 8. Bf4 Qd8
9. Nge2 Nbd7 10. Qd2 Be7 11. f3 h6 12. Ne4 Nb6 13. b3 Nbd5 14. Be5 O-O 15. c4 Nc7
16. N2c3 a5 17. O-O Bxe4 18. fxe4 Ng4 19. Bf4 Nf6 20. e5 Nd7 21. Ne4 Ne8 22. Bxh6
gxh6 23. Qxh6 Ng7 24. Nf6+ Nxf6 25. exf6 Qxd4+ 26. Kh1 Bxf6 27. Rad1 Qe5 28. Rxf6
Qh5 29. Qxh5 Nxh5 30. Rf2 Rfd8 31. Rfd2 Rxd2 32. Rxd2  1/2-1/2

[Event "Summer Prague Open 2023 - B"]
[Site "Olympik hotel, Sokolovska 138, Praha"]
[Date "2023.08.04"]
[Round "1"]
[Board "7"]
[White "Hlavacek, Bedrich"]
[Black "Guggenheim, Hans"]
[Result "0-1"]
[WhiteElo "1426"]
[BlackElo "1845"]
[PlyCount "36"]
[EventDate "2023.08.04"]
[EventRounds "9"]
[EventCountry "CZE"]

1. e4 c5 2. Nf3 g6 3. d4 cxd4 4. Nxd4 Nc6 5. Nc3 Bg7 6. Nb3 Nf6 7. Bc4 O-O 8. Bg5
Na5 9. Nxa5 Qxa5 10. Qd2 Qb4 11. Bd3 d6 12. Bh6 Bxh6 13. Qxh6 Qxb2 14. O-O Qxc3 15.
f4 Ng4 16. Qh4 Qf6 17. Qg3 Qg7 18. f5 Ne5  0-1

[Event "Summer Prague Open 2023 - B"]
[Site "Olympik hotel, Sokolovska 138, Praha"]
[Date "2023.08.04"]
[Round "1"]
[Board "8"]
[White "Pesola, Jyrki"]
[Black "Akerman, Jan"]
[Result "0-1"]
[WhiteElo "1842"]
[BlackElo "1422"]
[PlyCount "58"]
[EventDate "2023.08.04"]
[EventRounds "9"]
[EventCountry "CZE"]

1. e4 e5 2. Nf3 Nc6 3. Bc4 Bc5 4. c3 Nf6 5. d3 h6 6. O-O d6 7. a4 a5 8. Qe2 O-O 9.
Be3 Bxe3 10. Qxe3 Qe7 11. Nbd2 Be6 12. Bxe6 Qxe6 13. Nh4 Ne7 14. h3 Nh5 15. g4 Nf4
16. Kh2 Qf6 17. Ndf3 Neg6 18. Nf5 Ne7 19. Rg1 Nxf5 20. gxf5 g5 21. h4 Kh8 22. hxg5
hxg5 23. Nxg5 Qh6+ 24. Nh3 f6 25. Rg4 Rf7 26. Rag1 Rh7 27. R1g3 Qh5 28. d4 Nxh3 29.
Rxh3 Qxg4  0-1

[Event "Summer Prague Open 2023 - B"]
[Site "Olympik hotel, Sokolovska 138, Praha"]
[Date "2023.08.04"]
[Round "1"]
[Board "9"]
[White "Artamonov, Mikhail"]
[Black "Barlage, Tonio, Dr."]
[Result "1/2-1/2"]
[WhiteElo "1420"]
[BlackElo "1830"]
[PlyCount "149"]
[EventDate "2023.08.04"]
[EventRounds "9"]
[EventCountry "CZE"]

1. e4 c6 2. d4 d5 3. exd5 cxd5 4. c4 Nf6 5. Nc3 Nc6 6. cxd5 Nxd5 7. Nf3 Bf5 8. a3
e6 9. Bd3 Bxd3 10. Qxd3 Be7 11. O-O O-O 12. Re1 a6 13. Ne5 Nxe5 14. Rxe5 Bf6 15.
Rh5 g6 16. Rh3 Bg7 17. Bd2 Qf6 18. Be3 Nf4 19. Bxf4 Qxf4 20. Ne2 Qf6 21. Rf3 Qe7
22. Re1 Rfd8 23. Qe3 Rd7 24. Rd1 Rad8 25. Qd2 Qh4 26. Rd3 Rd5 27. Rh3 Qe7 28. Rd3
e5 29. Qe3 Qd7 30. Nc3 Rxd4 31. Rxd4 exd4 32. Qd3 b5 33. Ne2 Qd5 34. h3 Rd6 35. Ng3
Re6 36. Ne2 Qc4 37. Kf1 Qxd3 38. Rxd3 Rd6 39. f4 f5 40. Ke1 Kf7 41. Kd2 Ke6 42. b3
Kd5 43. g3 h6 44. Nc3+ Kc5 45. Ne2 a5 46. g4 Bf6 47. gxf5 gxf5 48. Ng3 Rd5 49. Nh5
Bh4 50. Ng3 Kd6 51. Ke2 Ke6 52. Kd2 Be7 53. Ne2 Bxa3 54. Nxd4+ Kf6 55. Ne2 Bb4+ 56.
Ke3 Rxd3+ 57. Kxd3 a4 58. bxa4 bxa4 59. Kc4 a3 60. Kb3 Kg6 61. Ka2 Bc5 62. Kb3 Bd6
63. Ka2 Kf6 64. Kb3 Bc5 65. Ka2 Ke6 66. h4 Kd5 67. Ng3 Ke6 68. Ne2 Kf6 69. h5 Ke6
70. Kb3 Bf2 71. Kxa3 Kd5 72. Kb2 Ke4 73. Kc2 Be3 74. Ng3+ Kxf4 75. Nxf5  1/2-1/2